000 00394nam a2200169Ia 4500
008 230524s9999 xx 000 0 und d
082 _a4.16
_bRAO
100 _aP.Subba Rao
245 0 _aIndustrial Relations
250 _aIST
260 _aMUMBAI
_bHimalaya
_c2009
300 _aXVI;201
500 _aQuantity Number: 5
650 _aManagement
700 _a B.K.Sundaray
942 _cBK
999 _c46880
_d46880